Minority Studies / (Record no. 69530)

MARC details
000 -LEADER
fixed length control field 00891nam a22002657a 4500
005 - DATE AND TIME OF LATEST TRANSACTION
control field 20140507155449.0
010 ## - LCCN (DPL NO)
LC control number ENG-105693
020 ## - INTERNATIONAL STANDARD BOOK NUMBER
International Standard Book Number 9780198078548
Terms of availability 675.00
020 ## - INTERNATIONAL STANDARD BOOK NUMBER
International Standard Book Number 0198078544
Terms of availability 675.00
035 ## - SYSTEM CONTROL NUMBER
System control number EN-89226
035 ## - SYSTEM CONTROL NUMBER
System control number B-514018-021
037 ## - SOURCE OF ACQUISITION
Source of stock number/acquisition DBAD/PUB
037 ## - SOURCE OF ACQUISITION
Source of stock number/acquisition BSB/Ven
Stock number dpl
082 ## - DEWEY DECIMAL CLASSIFICATION NUMBER
Classification number 331.833
082 ## - DEWEY DECIMAL CLASSIFICATION NUMBER
Classification number 323.154
245 ## - TITLE STATEMENT
Title Minority Studies /
Statement of responsibility, etc edited by Rowena Robinson
260 ## - PUBLICATION, DISTRIBUTION, ETC. (IMPRINT)
Place of publication, distribution, etc New Delhi
Name of publisher, distributor, etc Oxford University Press
Date of publication, distribution, etc 2012
270 ## - ADDRESS
Address YMCA Library Building, Jai Singh Road
City New Delhi
Postal code 110001
300 ## - PHYSICAL DESCRIPTION
Extent x,318p.
Dimensions 22cm.(Hb)
490 ## - SERIES STATEMENT
Series statement Oxford India studies in contemporary society
500 ## - GENERAL NOTE
General note Includes bibliographical references and index
700 ## - ADDED ENTRY--PERSONAL NAME
Personal name Robinson, Rowena
9 (RLIN) 51744
942 ## - ADDED ENTRY ELEMENTS (KOHA)
Source of classification or shelving scheme Dewey Decimal Classification
Item type English Books
Call number suffix MIN
Classification part 323.154
Holdings
Withdrawn status Lost status Not for loan Collection code Home library Current library Date acquired Source of acquisition Cost, normal purchase price Full call number Barcode Copy number Cost, replacement price Koha item type
    Not For Loan Non-fiction D.B.Act.Division D.B.Act.Division 30/08/2012 DBAD / PUB 675.00 331.833 MIN EN-89226 1 675.00 English Books
      Non-fiction Janak Puri Janak Puri 07/05/2014 BSB/892/14.03.2013/169/08.03.2013/23.03.2013 675.00 323.154 MIN B-514019 1 675.00 English Books
      Non-fiction Karol Bagh Karol Bagh 07/05/2014 BSB/892/14.03.2013/169/08.03.2013/23.03.2013 675.00 323.154 MIN B-514020 1 675.00 English Books
      Non-fiction Narela Narela 07/05/2014 BSB/892/14.03.2013/169/08.03.2013/23.03.2013 675.00 323.154 MIN B-514021 1 675.00 English Books
      Non-fiction Patel Nagar Patel Nagar 07/05/2014 BSB/892/14.03.2013/169/08.03.2013/23.03.2013 675.00 323.154 MIN B-514018 1 675.00 English Books

© Delhi Public Library
Hit Counter
free hit counter